| 000 | 00402nam a2200145Ia 4500 | ||
|---|---|---|---|
| 008 | 230519s9999 xx 000 0 und d | ||
| 020 | _a978-81-312-3992-6 | ||
| 041 | _aeng | ||
| 082 | _a610.7362/HOC/DB0405 | ||
| 100 |
_aHockenberry M & Wilson David _9180361 |
||
| 245 | _aWongs Essentials of Pediatric Nursing | ||
| 260 |
_bElsevier _aNew Delhi _c2015 |
||
| 300 | _a1062 | ||
| 999 |
_c159206 _d159206 |
||